NLSUI OPAC header image

Psychology and crime : Key aproaches to criminology (Record no. 27775)

MARC details
000 -LEADER
fixed length control field 00420nam a2200157Ia 4500
008 - FIXED-LENGTH DATA ELEMENTS--GENERAL INFORMATION
fixed length control field 160316s2010 xxu||||| |||| 00| 0 eng d
082 ## - DEWEY DECIMAL CLASSIFICATION NUMBER
Classification number 364.300000
Item number WEB
100 ## - MAIN ENTRY--PERSONAL NAME
Personal name Webber Craig
245 ## - TITLE STATEMENT
Title Psychology and crime : Key aproaches to criminology
250 ## - EDITION STATEMENT
Edition statement
260 ## - PUBLICATION, DISTRIBUTION, ETC.
Place of publication, distribution, etc. New Delhi
Name of publisher, distributor, etc. Sage Publications
Date of publication, distribution, etc. 2010
300 ## - PHYSICAL DESCRIPTION
Extent 212p
Other physical details
Dimensions xii
365 ## - TRADE PRICE
Price amount Rs. 1,669
650 ## - SUBJECT ADDED ENTRY--TOPICAL TERM
Topical term or geographic name entry element 1. Criminal Psychology
700 ## - ADDED ENTRY--PERSONAL NAME
Personal name
--
Holdings
Withdrawn status Lost status Damaged status Not for loan Home library Current library Shelving location Date acquired Cost, normal purchase price Total Checkouts Full call number Barcode Date last seen Date last checked out Price effective from Koha item type
        . .   30.05.2017 1669.00 2 364.3 WEB 25184 23.12.2025 16.12.2025 30.05.2017 BOOKs